000 00983nmc a2200349 a 4500
003 AR-BaBNM
005 20251128210151.0
008 011101s1996 ||||||||||||||000 | spa||
020 _a84-8063-221-6
040 _cAR-BaBNM
245 1 0 _aElementos de lingüística
250 _a1ª ed.
260 _aBarcelona
_bEdiciones Octaedro
_c1996
300 _a476 p.
_bil., gráfs.
490 0 _aOctaedro universidad. Textos
500 _aContiene índice de autores en p. 447
500 _aIndice de materias en p. 453
650 4 _aLINGUISTICA
650 4 _aTEORIA LINGUISTICA
650 4 _aLINGUISTICA COMPARATIVA Y DIACRONICA
650 4 _aFONOLOGIA
650 4 _aSEMANTICA
650 4 _aSINTAXIS
650 4 _aSOCIOLINGUISTICA
650 4 _aPSICOLINGUISTICA
650 4 _aANALISIS LINGUISTICO
650 4 _aLENGUAJES VARIOS
653 _aHISTORIA DE LA LENGUA
653 _aFILOSOFIA DEL LENGUAJE
700 1 _aVide, Carlos Martín
_eeditor
942 _cBK
999 _c14347
_d14347